Allende: (Record no. 199934)
[ view plain ]
| 000 -CABECERA | |
|---|---|
| campo de control de longitud fija | 00707nam a2200217 a 4500 |
| 005 - FECHA Y HORA DE LA ÚLTIMA TRANSACCIÓN | |
| campo de control | 20210223133710.0 |
| 008 - ELEMENTOS DE LONGITUD FIJA--INFORMACIÓN GENERAL | |
| campo de control de longitud fija | 181115s2017 ch r 000 0 spa d |
| 020 ## - NÚMERO INTERNACIONAL NORMALIZADO PARA LIBROS | |
| Número Internacional Estándar del Libro | 9789560009517 |
| 035 ## - NÚMERO DE CONTROL DEL SISTEMA | |
| Número de control de sistema | UPN01000227839 |
| 049 ## - COLECCIÓN | |
| Colección | CG |
| 050 #4 - SIGNATURA TOPOGRÁFICA DE LA BIBLIOTECA DEL CONGRESO | |
| Número de clasificación | F3100 |
| Número de documento/Ítem | P6.2 |
| 100 1# - ASIENTO PRINCIPAL--NOMBRE PERSONAL | |
| Nombre de persona | Pozo Artigas, José del, |
| Fechas asociadas al nombre | 1943- |
| 9 (RLIN) | 42386 |
| 245 10 - MENCIÓN DE TÍTULO | |
| Título | Allende: |
| Resto del título | cómo su historia ha sido relatada : un ensayo de historiografía ampliada / |
| Mención de responsabilidad, etc. | José del Pozo Artigas. |
| 260 ## - PUBLICACIÓN, DISTRIBUCIÓN, ETC. | |
| Lugar de publicación, distribución, etc. | Santiago de Chile : |
| Nombre del editor, distribuidor, etc. | LOM, |
| Fecha de publicación, distribución, etc. | 2017. |
| 300 ## - DESCRIPCIÓN FÍSICA | |
| Extensión | 222 p. : |
| Otras características físicas | il. |
| 440 #0 - MENCIÓN DE SERIE/ASIENTO SECUNDARIO--TÍTULO | |
| Título | Historia |
| 600 14 - ASIENTO SECUNDARIO DE MATERIA - NOMBRE PERSONAL | |
| Nombre de persona | ALLENDE GOSSENS, SALVADOR, |
| Fechas asociadas al nombre | 1908-1973 |
| 650 #4 - ASIENTO SECUNDARIO DE MATERIA - TERMINO TEMATICO | |
| Término de materia o nombre geográfico como elemento de entrada | PRESIDENTES - |
| Subdivisión geográfica | CHILE - |
| Subdivisión cronológica | SIGLO XX - |
| Subdivisión general | HISTORIOGRAFIA |
| 9 (RLIN) | 27266 |
| 905 ## - TIPO DE MATERIAL | |
| Tipo de material | Libro |
| Estado de retiro | Estado de pérdida | Fuente del sistema de clasificación o colocación | Estado dañado | No para préstamo | Código de colección | Localización permanente | Ubicación/localización actual | Ubicación en estantería | Total de préstamos | Clasificación | Código de barras | Fecha visto por última vez | Número de copia | Tipo de ítem Koha |
|---|---|---|---|---|---|---|---|---|---|---|---|---|---|---|
| Library of Congress Classification | Colección General | Bib. Gregorio Torres Quintero | Bib. Gregorio Torres Quintero | Planta baja | F3100 P6.2 | 327987 | 31/12/2020 | 1 | Libro |
